| 000 | 00729nam a2200205 i 4500 | ||
|---|---|---|---|
| 001 | 127795 | ||
| 003 | ES-MaACL | ||
| 005 | 20230906193103.0 | ||
| 007 | t| | ||
| 008 | 070214s1946 sp r ||||1| spa d | ||
| 100 | 1 |
_aRío Cisneros, Agustín del, _d1909-1992 _997318 |
|
| 245 | 1 | 0 |
_aPolítica internacional de España _b: el caso español en la O.N.U. y en el mundo / _cAgustín del Río Cisneros. |
| 260 |
_aMadrid : _bAfrodisio Aguado, _c1946. |
||
| 300 |
_a174 p. ; _c20 cm. |
||
| 610 | 2 | 4 |
_aNaciones Unidas- _zEspaña. _9154413 |
| 650 | 0 | 4 |
_aGuerra mundial, 1939-1945- _zEspaña. _913239 |
| 651 |
_aEspaña- _xPolítica exterior- _y1939-1975. _98425 |
||
| 852 |
_aES-MaACL _jE-2206 _bR.23065 |
||
| 999 |
_c127795 _d127795 |
||